00260nam a2200085Ia 4500008004100000041000800041100002000049245007400069260003100143241105s9999 xx 000 0 und d aeng aPakhare Snehal. aEnergy Retrofit Of Historical Public Buildings : A Case Study In Rome bBNCA M Arch EA, Punec2019